00317 a2200145 450000100060000002000150000604000240002110000230004524000210006824500160008930000070010536200090011244000190012165000310014069681 a8572721789 cAnchieta - Itaigara aMachado, Ana Maria10aPortinholaslpor10aPortinholas a450 a2003 1aMercuryo Jovem 4aLiteratura infanto-juvenil